First Lines of Conan Gray Songs - Statistics

General Stats
  • This quiz has been taken 320 times
  • The average score is 13 of 16
Answer Stats
Hint Answer % Correct
I still remember / third of December Heather
100%
My father never talked a lot Family Line
98%
It's been a couple months Memories
94%
That wasn't funny but she laughed so hard she almost cried People Watching
94%
Let me tell you a story The Story
91%
We drive through the woods / rich neighborhoods to watch Astronomy
90%
You were with your friends partying Maniac
89%
I don't love you anymore / pretty line that I adore The Cut That Always Bleeds
89%
This party's sh*t / wish we could dip Wish You Were Sober
88%
February / the flowers haven't even wilted The Exit
86%
I picked you up from the corner store Alley Rose
85%
I'm somebody you call when you're alone Yours
72%
You think you're funny right? Checkmate
68%
I look at you like you're perfect for me Movies
58%
I was off keying cars parked on radium lawns Generation Why
48%
Let's go back to that summer night Lookalike
47%
No matching quizzes found
Score Distribution
Percent of People with Each Score
Percentile by Number Answered
Your Score History
You have not taken this quiz